Biblioteca

Cuando en la iglesia hay pecado : (Registro nro. 37420)

Detalles MARC
000 -LÍDER
Campo fijo de descripción fija 01537aam a2200325 i 4500
001 - NÚMERO DE CONTROL
Campo de control 768714001
003 - IDENTIFICADOR DEL NÚMERO DE CONTROL
Campo de control CO-MdFUSB
005 - FECHA Y HORA DE LA ULTIMA TRANSACCIÓN
control field 20211029161206.0
007 - CAMPO FIJO DE DESCRIPCIÓN FIJA--INFORMACIÓN GENERAL
Campo fijo de descripción fija ta
008 - ELEMENTOS DE LONGITUD FIJA -- INFORMACIÓN GENERAL
Campo fijo de descripción fija -- Información general 211029t1991 -us |||| |||| 00| 0 spa d
020 ## - NÚMERO INTERNACIONAL NORMALIZADO PARA LIBROS
Número Internacional Normalizado del libro 088130508
040 ## - FUENTE DE CATALOGACIÓN
Idioma de catalogación spa.
Agencia de catalogación original CO-MdFUSB
Agencia que realiza la transcripción CO-MdFUSB
Agencia que realiza la modificación CO-MdFUSBC
Convenciones de la descripción rda
041 ## - CÓDIGO DE IDIOMA
Código de idioma para texto/pista de sonido o título separado spa
Código de idioma original eng
082 04 - NÚMERO DE CLASIFICACIÓN DECIMAL DEWEY
Número de clasificación 262.9
Número de la edición del Dewey 23
Clave de autor-Numero de item L267c
100 1# - ASIENTO PRINCIPAL--NOMBRE PERSONAL
Nombre personal Laney, J. Carl (1948-)
Término relacionador autor
240 ## - TITULO UNIFORME
Título uniforme <a href="A guide to church discipline">A guide to church discipline</a>
245 10 - TÍTULO
Título del Material Cuando en la iglesia hay pecado :
Parte restante del título - Subtitulo una guía bíblica para la disciplina en la iglesia
Mención de responsabilidad, etc. / J. Carl Laney ; traducido por Hugo Zelaya
264 #1 - PRODUCCIÓN, PUBLICACIÓN, DISTRIBUCIÓN, MANUFACTURA, Y COPYRIGHT
Lugar de producción, publicación, distribución, manufactura Minneapolis, MN., USA :
Nombre del productor, publicador, distribuidor Betania,
Fecha de producción, publicación, distribución, manufactura, o copyright [1991]
264 #4 - PRODUCCIÓN, PUBLICACIÓN, DISTRIBUCIÓN, MANUFACTURA, Y COPYRIGHT
Fecha de producción, publicación, distribución, manufactura, o copyright © 1991
300 ## - DESCRIPCIÓN FÍSICA
Extensión 174 Páginas
Dimensiones ; 21 cm
336 ## - TIPO DE CONTENIDO
Término de tipo de contenido texto
Código de tipo de contenido txt
Fuente rdacontent
337 ## - TIPO DE MEDIO
Fuente rdamedia
Nombre del tipo de medio sin mediación
Código del tipo de medio n
338 ## - TIPO DE SOPORTE
Fuente rdacarrier
Nombre del tipo de soporte volumen
Código Tipo de soporte nc
505 ## - NOTA DE CONTENIDO
Nota de contenido con formato preestablecido La iglesia sin disciplina. -- El modelo para la disciplina en la iglesia. -- Un tiempo para disciplinar. -- Los pasos para la disciplina: la enseñanza de Jesús. -- Los pasos para la disciplina: la enseñanza de Pablo. -- Autoridad para disciplinar. -- El propósito de la disciplina. -- La restauración después de la disciplina. -- Los resultados después de la disciplina. -- La disciplina de los líderes cristianos. -- Los peligros de la disciplina en la iglesia. -- Preguntas concernientes a la disciplina de la iglesia.
563 ## - NOTA DE ENCUADERNACIÓN
Nota de encuadernación Rústico
650 #0 - ASIENTO SECUNDARIO DE MATERIA - TERMINO TEMÁTICO
9 (RLIN) 1206
Término temático o nombre geográfico como elemento de entrada Disciplina eclesiástica
700 ## - ASIENTO SECUNDARIO - NOMBRE PERSONAL
9 (RLIN) 5850
Nombre personal Zelaya, Hugo,
Responsabilidad autor
942 ## - TIPO DE MATERIAL (KOHA)
Tipo de Item KOHA Libros General
945 ## - INFORMACIÓN LOCAL DEL REGISTRO
Catalogador JTF-925
Existencias
Estado de Material Estado de Perdido Estado de Dañado No para Préstamo Colección Tomo Biblioteca de Origen Biblioteca Permanente Fecha de Adquisición Total de Préstamos Signatura Topográfica Código de Barras Última vez visto Ejemplar/Existencia Fecha de Remplazo Tipo de Material
        Colección General   Biblioteca FUSBC Biblioteca FUSBC 06/01/2005   G 262.9 L267c 5891 12/12/2019 2016-12-02 26/01/2016 Libros General

Biblioteca FUSBC | Teléfono: (57+4) 349 88 10 Ext. 141| WhatsApp (+57) 3005338115 
E-mail: biblioteca@unisbc.edu.co | Calle 76 87-14 Robledo Palenque, Medellín, Colombia

Con tecnología Koha